WWE LFG Roster - Statistics

General Stats
  • This quiz has been taken 2 times
  • The average score is 8 of 17
Answer Stats
Hint Answer % Correct
Chris Island
100%
LFG Anthony Luke
50%
Bayley Humphrey
50%
Cutler James
50%
Drake Morreaux
50%
Elijah Holyfield
50%
Jasper Troy
50%
Penina Tuilaepa
50%
Shiloh Hill
50%
Sirena Linton
50%
Tatyanna Dumas
50%
Troy Yearwood
50%
Tyra Mae Steele
50%
Zena Sterling
50%
Brayden BJ Ray
0%
Dani Sekelsky
0%
Leigh Laurel
0%
No matching quizzes found
Score Distribution
Percent of People with Each Score
Percentile by Number Answered
Your Score History
You have not taken this quiz